| 000 | 00000nas 2200000zi 4500 |
| 001 | 9.926463 |
| 003 | CaOODSP |
| 005 | 20250820093410 |
| 006 | m o d f |
| 007 | cr cn |||||||| |
| 008 | 230823c20199999oncar p o s f0###b0fre d |
| 020 | |z9780660399317 |
| 022 | |a2817-6340 |
| 040 | |aCaOODSP|bfre|erda|cCaOODSP |
| 043 | |an-cn--- |
| 086 | 1 |aHP37-49F-PDF|zHP40-291/2021F-PDF |
| 222 | 0|aSystème de surveillance des incidents transfusionnels (SSIT), ... |b(Infographie) |
| 245 | 00|aSystème de surveillance des incidents transfusionnels (SSIT), ... |
| 246 | 3 |iCertains livraisons comportent le titre : |aSystème de surveillance des incidents transfusionnels (SSIT), … (excluding QC) |
| 264 | 1|a[Ottawa] : |bAgence de la santé publique du Canada = Public Health Agency of Canada, |c[2021]- |
| 310 | |aAnnuel |
| 336 | |atexte|btxt|2rdacontent/fre |
| 337 | |ainformatique|bc|2rdamedia/fre |
| 338 | |aressource en ligne|bcr|2rdacarrier/fre |
| 362 | 1 |aParaît depuis : 2018/2019. |
| 500 | |aPublié aussi en anglais sous le titre : Transfusion Transmitted Injuries Surveillance System (TTISS), ... |
| 588 | |aDescription d'après : 2018/2019; titre de départ du fichier PDF. |
| 588 | |aDernière livraison consultée : 2018/2019. |
| 650 | 6|aSang|xTransfusion|xComplications et séquelles|zCanada|vStatistiques|vPériodiques. |
| 655 | 7|aPériodiques|2rvmgf |
| 710 | 2 |aAgence de santé publique du Canada, |eorganisme de publication. |
| 775 | 08|tTransfusion Transmitted Injuries Surveillance System (TTISS), ...|w(CaOODSP)9.926456 |